The 8086 microprocessor (Record no. 187284)

000 -LEADER
fixed length control field 00364nam a2200133Ia 4500
008 - FIXED-LENGTH DATA ELEMENTS--GENERAL INFORMATION
fixed length control field 220217s9999||||xx |||||||||||||| ||und||
020 ## - INTERNATIONAL STANDARD BOOK NUMBER
International Standard Book Number 9788131501801
082 ## - DEWEY DECIMAL CLASSIFICATION NUMBER
Classification number 004.165 KEN
100 ## - MAIN ENTRY--PERSONAL NAME
Personal name Kenneth, Ayela, J
245 #4 - TITLE STATEMENT
Title The 8086 microprocessor
260 ## - PUBLICATION, DISTRIBUTION, ETC.
Place of publication, distribution, etc. Cengage learning
Name of publisher, distributor, etc. New Delhi
Date of publication, distribution, etc. 2016
300 ## - PHYSICAL DESCRIPTION
Extent XXIII, 673p.
Other physical details 650
650 ## - SUBJECT ADDED ENTRY--TOPICAL TERM
Topical term or geographic name entry element MICROPROCESSOR
Holdings
Withdrawn status Lost status Damaged status Not for loan Collection code Home library Current library Date acquired Total Checkouts Full call number Barcode Date last seen Date last checked out Price effective from Koha item type
        Computer Science and Engineering Central Library Central Library 02/18/2022 2 004.165 KEN 22473 05/25/2023 05/09/2023 02/18/2022 Books

Powered by Koha